| 000 | 00626nam a22002172 4500 | ||
|---|---|---|---|
| 001 | 0000000992 | ||
| 005 | 20151021151050.0 | ||
| 008 | 070223s xx 000 0 eng d | ||
| 020 |
_a1857920805 : _cKES 270 |
||
| 040 |
_aKABU _cKABU |
||
| 050 | 0 |
_aBT886 _b.G65 |
|
| 100 | 1 |
_aGoligher, Liam. _@0000159889 |
|
| 245 | 1 | 2 |
_aA Window on tomorrow / _cLiam Goligher. |
| 260 |
_aScotland : _bChristian Focus, _cc1994. |
||
| 300 |
_a158 p. ; _c18 cm. |
||
| 650 | 0 |
_aSecond advent. _@0000149464 |
|
| 650 | 0 |
_aEschatology. _@0000149465 |
|
| 908 | _a070223 | ||
| 950 | _@1 | ||
| 999 |
_c295 _d295 |
||